[Event "3rd ACT"]
[Site "Amsterdam NED"]
[Date "2006.07.20"]
[Round "6"]
[White "Blees,A"]
[Black "Wempe,Jo"]
[Result "1-0"]
[WhiteElo "2400"]
[BlackElo "2242"]
[EventDate "2006.07.15"]

1. c4 e6 2. Nc3 d5 3. d4 Nf6 4. cxd5 exd5 5. Bg5 Be7 6. e3 c6 7. Qc2 O-O 8.
Bd3 Nbd7 9. Nf3 Re8 10. O-O Nf8 11. Bxf6 Bxf6 12. b4 Bg4 13. Nd2 Rc8 14.
Rfc1 Qd6 15. Rab1 g6 16. Qb3 b5 17. Qa3 a5 18. Qxa5 Ra8 19. Qb6 Be7 20.
Bxb5 Bd7 21. Bxc6 Reb8 22. Qc5 Qxc5 23. dxc5 Bxc6 24. b5 Bd7 25. Nxd5 Bd8
26. c6 Rxa2 27. Ne4 Bf5 28. f3 Bxe4 29. fxe4 Ne6 30. b6 Bxb6 31. Rxb6 Rxb6
32. Nxb6 Ra7 33. Nd5 Nc7 34. Kf2 Kf8 35. Kf3 Ke8 36. Rb1 f5 37. Rb8+ Kf7
38. Nxc7 fxe4+ 39. Kxe4 Rxc7 40. Rb7 1-0

[Event "3rd ACT"]
[Site "Amsterdam NED"]
[Date "2006.07.20"]
[Round "6"]
[White "Ansell,S"]
[Black "Vogel,Ja"]
[Result "1-0"]
[WhiteElo "2391"]
[BlackElo "2246"]
[EventDate "2006.07.15"]

1. e4 e6 2. d3 d5 3. Nd2 Nf6 4. Ngf3 c5 5. g3 Be7 6. Bg2 Nc6 7. O-O b6 8.
Re1 Bb7 9. a3 Qc7 10. c3 h6 11. b4 O-O 12. e5 Nd7 13. d4 cxd4 14. cxd4 b5
15. Bf1 a5 16. bxa5 Ba6 17. Nb3 Nxa5 18. Bd2 Nc4 19. Bb4 Ndb6 20. Nc5 Rfc8
21. h4 Na4 22. Nd3 Bxb4 23. axb4 Bb7 24. Qc1 Ra7 25. Qf4 Rca8 26. Rac1 Qe7
27. h5 Nab2 28. Nxb2 Nxb2 29. Rc5 Ra4 30. Rec1 Nc4 31. Rb1 Ra3 32. Rxb5 Ba6
33. Rc5 Rxf3 34. Qxf3 Nd2 35. Qd1 Nxb1 36. Bxa6 Na3 37. Qd3 Nc4 38. Bxc4
dxc4 39. Qe4 Rb8 40. Rxc4 Qf8 41. Qc2 1-0

[Event "3rd ACT"]
[Site "Amsterdam NED"]
[Date "2006.07.20"]
[Round "6"]
[White "Li Shilong"]
[Black "Slingerland,F"]
[Result "1/2-1/2"]
[WhiteElo "2540"]
[BlackElo "2338"]
[EventDate "2006.07.15"]

1. d4 d5 2. c4 dxc4 3. Nf3 Nf6 4. Qa4+ Nc6 5. Qxc4 Bf5 6. Nc3 e6 7. a3 h6
8. g3 Bg4 9. Bg2 Bxf3 10. Bxf3 Nxd4 11. Bxb7 Rb8 12. Bc6+ Nxc6 13. Qxc6+
Qd7 14. Qxd7+ Nxd7 15. Kd1 Nc5 16. Rb1 Nb3 17. Be3 Bc5 18. Bxc5 Nxc5 19. b4
Nd7 20. Kc2 Ke7 21. Rhd1 a6 22. b5 axb5 23. Rxb5 Rb6 24. a4 Ra8 25. Ra1
Rba6 26. Rb7 Kd8 27. Rb4 Nb6 28. Kb3 Kc8 29. Rf4 f6 30. h4 Nd5 31. Nxd5
exd5 32. Rc1 Rb8+ 33. Rb4 Rxb4+ 34. Kxb4 Rb6+ 35. Ka3 Kd7 36. Rd1 Ke6 37.
Rc1 Kd6 38. g4 c5 39. g5 hxg5 40. hxg5 c4 41. gxf6 gxf6 42. e4 Rb3+ 43. Ka2
Rf3 44. exd5 Rxf2+ 45. Ka3 Kxd5 46. a5 Kc5 47. a6 Kb6 48. Kb4 Kxa6 49. Kxc4
Kb6 50. Kd3 Rf5 1/2-1/2

[Event "3rd ACT"]
[Site "Amsterdam NED"]
[Date "2006.07.20"]
[Round "6"]
[White "Doggers,P"]
[Black "Hendriks,W"]
[Result "0-1"]
[WhiteElo "2232"]
[BlackElo "2426"]
[EventDate "2006.07.15"]

1. e4 d6 2. d4 Nf6 3. Nc3 g6 4. Be3 Bg7 5. Qd2 c6 6. h3 Nbd7 7. Nf3 O-O 8.
Bd3 e5 9. dxe5 Nxe5 10. Nxe5 dxe5 11. O-O Be6 12. a4 Nh5 13. Rfd1 f5 14.
Be2 Nf4 15. Bf1 Qg5 16. Kh2 Qh5 17. Ne2 fxe4 18. Ng3 Qh4 19. Qb4 b6 20.
Qxe4 Bd5 21. Bc4 Rad8 22. a5 Kh8 23. Bxd5 cxd5 24. Qa4 d4 25. Bxf4 exf4 26.
Ne4 f3 27. g4 h5 28. Rh1 hxg4 29. Kg1 gxh3 30. Qc6 Be5 31. Kf1 h2 32. axb6
axb6 33. Ra7 Qh3+ 34. Ke1 Qg2 35. Qb7 Qxh1+ 0-1

[Event "3rd ACT"]
[Site "Amsterdam NED"]
[Date "2006.07.20"]
[Round "6"]
[White "Miedema,R"]
[Black "Pliester,L"]
[Result "1/2-1/2"]
[WhiteElo "2218"]
[BlackElo "2391"]
[EventDate "2006.07.15"]

1. d4 f5 2. Nc3 d5 3. Bf4 e6 4. e3 a6 5. h3 c5 6. dxc5 Bxc5 7. g4 Ne7 8.
gxf5 Nxf5 9. Bd3 O-O 10. Nf3 Nc6 11. Ne5 Qh4 12. Qg4 Bxe3 13. Qxh4 Nxh4 14.
fxe3 Nxe5 15. Ke2 Nxd3 16. cxd3 Bd7 17. Bd6 Rf7 18. Rhg1 Be8 19. Rg4 Rd7
20. Rxh4 Rxd6 21. Rf1 Rb6 22. b3 Rc8 23. Kd2 Rbc6 24. Rc1 Bg6 25. Rf4 R6c7
26. Ne2 Rxc1 27. Nxc1 Rf8 28. Rb4 b5 29. a4 Be8 30. axb5 Bxb5 31. e4 Rf2+
32. Kc3 dxe4 33. Rxe4 Kf7 34. Re3 Bc6 35. b4 Rf3 36. Rxf3+ Bxf3 37. Nb3 Bc6
38. Nc5 Bb5 39. Kd4 Kf6 40. Ne4+ Ke7 41. h4 h6 42. Nc5 Kf6 43. Ne4+ Kg6 44.
Ng3 e5+ 45. Ke4 Kf7 46. Kxe5 Bxd3 47. Kd4 Bb1 48. Ke5 g6 49. Nf1 Ke7 50.
Nd2 Bc2 51. Nc4 Kf7 52. Nd6+ Kg7 53. b5 axb5 54. Nxb5 g5 55. hxg5 hxg5 56.
Nd4 1/2-1/2

[Event "3rd ACT"]
[Site "Amsterdam NED"]
[Date "2006.07.20"]
[Round "6"]
[White "Schlawin,M"]
[Black "Bachofner,A"]
[Result "1/2-1/2"]
[WhiteElo "2349"]
[BlackElo "2185"]
[EventDate "2006.07.15"]

1. e4 d5 2. exd5 Qxd5 3. Nc3 Qa5 4. d4 Nf6 5. Bc4 c6 6. Bd2 Bf5 7. Qe2 e6
8. d5 cxd5 9. Nxd5 Qd8 10. Nxf6+ Qxf6 11. O-O-O Ba3 12. c3 Be7 13. g4 Bg6
14. h4 h6 15. f4 Nc6 16. h5 Bh7 17. g5 hxg5 18. fxg5 Qf5 19. g6 Bxg6 20.
hxg6 Rxh1 21. Bd3 Qc5 22. gxf7+ Kf8 23. Qg2 Qh5 24. Be2 Qh2 25. Qxh2 Rxh2
26. Bf4 Rh1 27. Bf3 Rh8 28. Rd7 e5 29. Bg3 Rb8 30. b4 a6 31. Bxc6 bxc6 32.
Bxe5 Rd8 33. Bxg7+ Kxf7 34. Rxe7+ Kxe7 35. Bxh8 Rxh8 36. Ne2 Rh2 37. Kd2
Kd6 38. Kd3 Rh3+ 39. Kc4 1/2-1/2

[Event "3rd ACT"]
[Site "Amsterdam NED"]
[Date "2006.07.20"]
[Round "6"]
[White "Van Beek,L"]
[Black "Zhang,T"]
[Result "1/2-1/2"]
[WhiteElo "2345"]
[BlackElo "2217"]
[EventDate "2006.07.15"]

1. d4 Nf6 2. c4 e6 3. Nc3 Bb4 4. e3 c5 5. Nge2 b6 6. a3 Ba5 7. Rb1 Nc6 8.
Bd2 O-O 9. Ng3 Bb7 10. Bd3 d5 11. cxd5 cxd4 12. exd4 Bxc3 13. bxc3 Qxd5 14.
Qe2 Nb8 15. f3 Qa2 16. O-O Qxa3 17. f4 Ba6 18. f5 Bxd3 19. Qxd3 Nbd7 20.
fxe6 fxe6 21. Rbe1 Qd6 22. Re2 a6 23. Rfe1 Rfe8 24. Ne4 Nxe4 25. Qxe4 Nf6
26. Qh4 a5 27. Bh6 Nd5 28. Qg4 Qd7 29. Re5 Re7 30. c4 Nf6 31. Qh4 Rf8 32.
Bc1 Ree8 33. Ba3 Rf7 34. Bb2 Qc8 35. d5 exd5 36. Rxe8+ Nxe8 37. cxd5 Nf6
38. Qd4 Qc5 39. Qxc5 bxc5 40. Bxf6 Rxf6 1/2-1/2

[Event "3rd ACT"]
[Site "Amsterdam NED"]
[Date "2006.07.20"]
[Round "6"]
[White "Bosboom,M"]
[Black "De Jong,M"]
[Result "1/2-1/2"]
[WhiteElo "2390"]
[BlackElo "2241"]
[EventDate "2006.07.15"]

1. d4 e6 2. c4 Bb4+ 3. Bd2 a5 4. Nc3 d5 5. Nf3 Nf6 6. g4 Nc6 7. g5 Ne4 8.
Rg1 O-O 9. e3 f5 10. Rc1 a4 11. a3 Bxc3 12. Bxc3 b6 13. h4 f4 14. Bd3 fxe3
15. fxe3 Ne7 16. Bxe4 dxe4 17. Ne5 Nf5 18. Qg4 Bb7 19. h5 Qe7 20. Qh3 Nd6
21. d5 Rf5 22. Ng6 Qe8 23. Nf4 exd5 24. cxd5 Bc8 25. Qh2 Ra7 26. Bxg7 Kxg7
27. h6+ Kh8 28. g6 hxg6 29. Nxg6+ Kh7 30. Nf4 c5 31. dxc6 Qe5 32. c7 Rg5
33. Rxg5 Qxg5 34. Kf2 Qf6 35. Ke1 Nf5 36. Nd5 Qe6 37. Rd1 Ra5 38. Nf4 Qb3
39. Qg1 Qf7 40. Rd8 Rc5 41. Qg5 Ne7 42. Qg2 Rc1+ 43. Kd2 Rxc7 44. Qxe4+ Ng6
45. Qxg6+ Qxg6 46. Nxg6 Kxg6 47. Rd6+ Kh7 48. Rxb6 Bf5 49. e4 Bxe4 50. b3
axb3 51. Rxb3 Kxh6 52. Ke3 Bc2 53. Rb6+ Kg5 54. Kd4 Ra7 55. Kc3 Bd1 56. Rd6
Be2 57. Kb4 Rb7+ 58. Kc3 Kf5 59. a4 Ke5 60. Rd8 Bg4 61. a5 Be6 62. Rd3 Rb5
63. Re3+ Kd6 64. Rd3+ Kc5 65. Rd8 Rxa5 66. Kd3 Bd5 67. Rc8+ Bc6 68. Ke3 Ra4
69. Rd8 Rh4 70. Rc8 Kd6 71. Rd8+ Ke5 72. Kd3 Bd5 73. Re8+ Be6 74. Kc3 Rc4+
75. Kd3 Ra4 76. Kc3 Rc4+ 77. Kd3 Rb4 78. Kc3 Rb3+ 79. Kc2 Rg3 80. Kd2 Kd5
81. Rd8+ Kc5 82. Rd3 Rg2+ 83. Ke3 Bd5 84. Rd2 Rg3+ 85. Kf4 Rf3+ 86. Kg4 Rf1
87. Kg3 Rf3+ 88. Kg4 Rf8 89. Kg3 Kc4 90. Rf2 Rg8+ 91. Kf4 Kd3 92. Ke5 Be4
93. Rf1 Re8+ 94. Kd6 Kd4 95. Rd1+ Bd3 96. Rd2 Rg8 97. Rd1 Rg6+ 98. Ke7 Rh6
99. Rd2 Ke4 100. Rd1 Bc4 101. Kd7 Be6+ 102. Ke7 Bg4 103. Re1+ Kd5 104. Rg1
Re6+ 105. Kf7 Bh5+ 106. Kg7 Kd6 107. Rg5 Be8 108. Rg1 Ke7 109. Rg3 Re4 110.
Rg5 Bd7 111. Rg1 Bg4 112. Kg6 Bh3 113. Kg5 Ke6 114. Rg3 Rg4+ 115. Rxg4 Bxg4
1/2-1/2

[Event "3rd ACT"]
[Site "Amsterdam NED"]
[Date "2006.07.20"]
[Round "6"]
[White "Bezemer,A"]
[Black "Wunnink,M"]
[Result "1/2-1/2"]
[WhiteElo "2346"]
[BlackElo "2235"]
[EventDate "2006.07.15"]

1. e4 c5 2. Nf3 d6 3. d4 cxd4 4. Nxd4 Nf6 5. Nc3 a6 6. Qf3 g6 7. h3 Bg7 8.
Be3 O-O 9. O-O-O Qc7 10. g4 e6 11. Qg3 b5 12. a3 Nbd7 13. g5 Nh5 14. Qh2
Ne5 15. Be2 Bd7 16. Nb3 Rfc8 17. Rd2 a5 18. Nxb5 Bxb5 19. Bxb5 Nf3 20. Qxd6
Nxd2 21. Qxd2 Qe5 22. Nd4 Rd8 23. Bc6 Rac8 24. c3 Qd6 25. Bb7 Bxd4 26. Qxd4
Qxd4 27. Bxd4 Rb8 28. Ba6 a4 1/2-1/2

[Event "3rd ACT"]
[Site "Amsterdam NED"]
[Date "2006.07.20"]
[Round "6"]
[White "Overeem,M"]
[Black "Van Oosterom,C"]
[Result "0-1"]
[WhiteElo "2243"]
[BlackElo "2343"]
[EventDate "2006.07.15"]

1. c4 c5 2. Nf3 Nc6 3. d4 cxd4 4. Nxd4 f5 5. g3 g6 6. Bg2 Bg7 7. Nxc6 bxc6
8. O-O Nf6 9. Nc3 O-O 10. Bg5 h6 11. Bxf6 Rxf6 12. e4 Rb8 13. Qc2 Qa5 14.
Rad1 f4 15. Rfe1 Qe5 16. Rd3 d6 17. b3 g5 18. Ne2 Bd7 19. c5 Rbf8 20. f3
fxg3 21. hxg3 Be8 22. cxd6 exd6 23. Qd2 Bh5 24. g4 Bg6 25. Qc3 Qe8 26. Qd2
Qb8 27. Ng3 d5 28. Nf5 Bxf5 29. gxf5 R6f7 30. Rc1 Qd6 31. Qc2 h5 32. Rcd1
d4 33. Rc1 h4 34. Qf2 c5 35. f4 Bh6 36. e5 Qc7 37. Bd5 gxf4 38. Qe2 f3 39.
Qxf3 Bxc1 40. Qg4+ Kh8 41. Bxf7 Rxf7 42. Kf1 Qxe5 43. Rh3 0-1

[Event "3rd ACT"]
[Site "Amsterdam NED"]
[Date "2006.07.20"]
[Round "6"]
[White "Van Gool,H"]
[Black "Becker,Mart"]
[Result "0-1"]
[WhiteElo "2208"]
[BlackElo "2335"]
[EventDate "2006.07.15"]

1. e4 c5 2. Nf3 d6 3. d4 cxd4 4. Nxd4 Nf6 5. Nc3 a6 6. Be2 e5 7. Nb3 Be7 8.
Be3 Be6 9. O-O O-O 10. f4 exf4 11. Rxf4 Nc6 12. Nd4 Nxd4 13. Bxd4 Nd7 14.
Qf1 Rc8 15. Rd1 Bg5 16. Rf2 Qe7 17. Bd3 Rfe8 18. g3 Ne5 19. h3 b5 20. Nd5
Bxd5 21. exd5 Qb7 22. Be4 g6 23. Re2 Rc7 24. g4 Rce7 25. Qg2 Nc4 26. Bf3
Be3+ 27. Kh1 Bxd4 28. Rxd4 Nxb2 29. Rde4 Na4 30. c4 Rxe4 31. Rxe4 Rxe4 32.
Bxe4 bxc4 33. Bc2 Nc3 0-1

[Event "3rd ACT"]
[Site "Amsterdam NED"]
[Date "2006.07.20"]
[Round "6"]
[White "Afek,Y"]
[Black "Moll,A"]
[Result "1-0"]
[WhiteElo "2316"]
[BlackElo "2180"]
[EventDate "2006.07.15"]

1. e4 e6 2. d4 d5 3. e5 Bd7 4. Nf3 a6 5. Bg5 Be7 6. Bxe7 Nxe7 7. Nc3 c5 8.
dxc5 Qc7 9. Bd3 Qxc5 10. O-O Qc7 11. Qd2 h6 12. Ne2 Nbc6 13. Qe3 Nb4 14.
Ng3 Rc8 15. Nh5 Kf8 16. Nh4 g5 17. Nf3 Nxd3 18. cxd3 Nf5 19. Qd2 Qb6 20. d4
Rc4 21. b3 Rc7 22. h3 Ng7 23. Nf6 a5 24. Rac1 Bc6 25. Rc5 Qb4 26. Rxa5 Qxd2
27. Nxd2 Ke7 28. Rc1 Rcc8 29. Nf3 Nf5 30. g4 Nd6 31. exd6+ Kxf6 32. Ne5
Rhd8 33. d7 Rc7 34. b4 Kg7 35. b5 f6 36. Nf3 1-0

[Event "3rd ACT"]
[Site "Amsterdam NED"]
[Date "2006.07.20"]
[Round "6"]
[White "Van de Fliert,W"]
[Black "Burg,T"]
[Result "1/2-1/2"]
[WhiteElo "2195"]
[BlackElo "2268"]
[EventDate "2006.07.15"]

1. e4 e6 2. d4 d5 3. Nc3 Bb4 4. Nge2 Nf6 5. Bg5 dxe4 6. a3 Be7 7. Bxf6 gxf6
8. Nxe4 f5 9. N4g3 Bd6 10. Nc3 c6 11. Bc4 h5 12. Nxh5 Qg5 13. g4 Be7 14.
Be2 fxg4 15. Bxg4 b6 16. Bf3 Bb7 17. Ne4 Qg6 18. Nhg3 Na6 19. Qe2 Qh6 20.
Qe3 Qg7 21. O-O-O f5 22. Nd2 Nc7 23. Nh5 Qf7 24. Nf4 Bg5 25. Rdg1 Bh6 26.
Qe5 O-O-O 27. c3 Rhg8 28. Kc2 Bg7 29. Qe2 Qd7 30. Nd3 Nb5 31. Ne5 Nxd4+ 32.
cxd4 Qxd4 33. Nec4 b5 34. Qxe6+ Kb8 35. Rxg7 Rxg7 36. Qe5+ Qxe5 37. Nxe5
Rd6 38. Nb3 Re7 39. Nd3 c5 40. Bxb7 c4 41. Ndc5 Re2+ 42. Kc3 cxb3 43. Kxb3
Rdd2 44. Rb1 Rxf2 45. h4 Kc7 46. Ba8 Rfe2 47. Ka2 Rh2 48. Nb3 Rdf2 49. Nd4
Rxh4 50. Nxb5+ Kb6 51. Nc3 Rhh2 52. Bd5 Kc5 53. Bb3 a6 54. Na4+ Kd4 55. Rc1
Rh6 56. Rc4+ Ke3 57. Rc3+ Kd4 58. Rc4+ Ke3 59. Rc3+ Kf4 60. Nc5 Rd2 61. Bc4
Ke5 62. Bxa6 Rb6 63. Nd3+ Kd4 64. Nb4 f4 65. Rc8 f3 66. Rd8+ Ke3 67. Re8+
Kf2 68. Nd3+ Kg1 69. Rg8+ Rg2 70. Rf8 f2 71. Nxf2 Rxf2 72. Rxf2 Kxf2 73.
Bc4 Ke3 74. a4 Kd4 75. a5 Rg6 76. b3 Kc5 77. Ka3 Rg1 78. a6 Kb6 79. Kb4 Rg7
80. Ka4 Rg1 81. Kb4 Ra1 82. Kc3 Kc5 83. Kb2 Rd1 84. Kc2 Rd7 85. Be2 Rf7 86.
Bd3 Rf3 87. Kd2 Kd4 88. Ke2 Rg3 89. Kf2 Rg7 90. Kf3 Rg6 91. Kf4 Rf6+ 92.
Kg5 Ke5 93. Bb5 Rf7 94. Kg6 Ra7 95. Bc4 Kd4 96. Kf6 Kc5 97. Ke6 Kb6 98. Kd6
Rg7 99. Ke6 Rg5 100. Kf6 Ra5 101. Ke6 Rxa6 102. Bxa6 Kxa6 103. b4 Kb5 104.
Kd5 Kxb4 1/2-1/2

[Event "3rd ACT"]
[Site "Amsterdam NED"]
[Date "2006.07.20"]
[Round "6"]
[White "Heemskerk,W"]
[Black "Bakker,S"]
[Result "1/2-1/2"]
[WhiteElo "2298"]
[BlackElo "2231"]
[EventDate "2006.07.15"]

1. c4 e6 2. Nf3 Nf6 3. d4 b6 4. e3 Bb7 5. Bd3 d5 6. cxd5 exd5 7. O-O Nbd7
8. Nc3 Bd6 9. b3 a6 10. Bb2 O-O 11. Rc1 Re8 12. Ne2 Ne4 13. Rc2 Rc8 14. Ng3
Qf6 15. Qc1 Nxg3 16. hxg3 Qe7 17. Re1 Nf6 18. Bf5 Rcd8 19. Ne5 1/2-1/2

[Event "3rd ACT"]
[Site "Amsterdam NED"]
[Date "2006.07.20"]
[Round "6"]
[White "Breivik,L"]
[Black "Witt,Rob"]
[Result "1-0"]
[WhiteElo "2226"]
[BlackElo "2296"]
[EventDate "2006.07.15"]

1. d4 e6 2. Nf3 f5 3. d5 Nf6 4. dxe6 d5 5. Qd3 Ne4 6. Nd4 c6 7. f3 Nd6 8.
Nxf5 Bxe6 9. Nd4 Bf7 10. Qe3+ Kd7 11. g3 Na6 12. Bh3+ Kc7 13. O-O Be7 14.
Qf4 Qg8 15. Nf5 Bf8 16. e4 dxe4 17. fxe4 g5 18. Qxg5 Qxg5 19. Bxg5 Nxe4 20.
Bf4+ Kb6 21. Be3+ Bc5 22. Bxc5+ Naxc5 23. Ne3 Rae8 24. Rxf7 Ng5 25. Nc4+
Ka6 26. Rf5 Re1+ 27. Bf1 Nce4 28. Ra5+ 1-0

[Event "3rd ACT"]
[Site "Amsterdam NED"]
[Date "2006.07.20"]
[Round "6"]
[White "Bensdorp,M"]
[Black "Ouwendijk,V"]
[Result "1-0"]
[WhiteElo "2290"]
[BlackElo "2210"]
[EventDate "2006.07.15"]

1. d4 f5 2. g3 Nf6 3. Bg2 e6 4. Nf3 d5 5. O-O Bd6 6. c4 c6 7. b3 Qe7 8. Bb2
b6 9. Nbd2 O-O 10. Ne5 Bb7 11. Rc1 a5 12. Ndf3 Ne4 13. Nd3 Na6 14. Nfe5 Nb4
15. f3 Nf6 16. c5 bxc5 17. dxc5 Bc7 18. a3 Nxd3 19. exd3 Nd7 20. Nxd7 Qxd7
21. f4 Bd8 22. Re1 Bf6 23. Be5 Ba6 24. d4 g6 25. Rc3 Bxe5 26. Rxe5 Kf7 27.
Rce3 Rfe8 28. g4 a4 29. b4 Bc4 30. Bf3 Bb3 31. Qe2 Bc4 32. Qe1 Bb3 33. Qh4
Kg8 34. gxf5 gxf5 35. Bh5 Re7 36. Rxf5 Rg7+ 37. Rg5 Kh8 38. Reg3 Rag8 39.
Rxg7 Rxg7 40. Qf6 Qe7 41. Qxg7+ Qxg7 42. Rxg7 Kxg7 43. Be8 Kf6 44. Kf2 Kf5
45. Ke3 Kg4 46. Bxc6 h5 47. Bd7 Kh3 48. c6 Bc4 49. c7 Ba6 50. b5 Bb7 51.
c8=Q Bxc8 52. Bxc8 Kxh2 53. b6 1-0

[Event "3rd ACT"]
[Site "Amsterdam NED"]
[Date "2006.07.20"]
[Round "6"]
[White "Eggleston,D"]
[Black "Strating,S"]
[Result "1/2-1/2"]
[WhiteElo "2232"]
[BlackElo "2279"]
[EventDate "2006.07.15"]

1. e4 c6 2. d4 d5 3. Nd2 dxe4 4. Nxe4 Nd7 5. Nf3 Ngf6 6. Nxf6+ Nxf6 7. c3
Bg4 8. h3 Bh5 9. g4 Bg6 10. Ne5 Nd7 11. Nxg6 hxg6 12. d5 Nf6 13. dxc6 Qxd1+
14. Kxd1 bxc6 15. Bg2 O-O-O+ 16. Ke2 c5 17. c4 e6 18. Bd2 Bd6 19. Bc3 Kd7
20. a3 Ke7 21. b4 Rhg8 22. Bc6 Rc8 23. b5 Nd7 24. Bxd7 Kxd7 25. a4 f6 26.
Rad1 Ke7 27. Rd3 Bc7 28. a5 Rcd8 29. Rxd8 Rxd8 30. a6 g5 31. Ra1 Rh8 32.
Ba5 Bxa5 33. Rxa5 Kd6 34. Ra3 Kc7 35. Re3 Re8 36. Kf3 Kb6 37. Rd3 Kc7 38.
Kg3 Rh8 39. Re3 Kd6 40. Re1 Kd7 41. Rh1 Kc7 42. h4 Kb6 43. Rh2 gxh4+ 44.
Rxh4 Rd8 45. Rh7 Rd7 46. Rh1 Rd4 47. Rh7 Rxc4 48. Rxg7 Kxb5 49. Rf7 f5 50.
gxf5 exf5 51. Rxa7 Ra4 52. Rf7 Rxa6 53. Rxf5 Kb4 54. f4 c4 55. Re5 c3 56.
f5 Ra1 57. Re2 Rf1 58. Kg4 Kc4 59. Kg5 Kd3 60. Rh2 c2 61. Rxc2 Kxc2 62. f6
Kd3 63. Kg6 Ke4 64. f7 Ke5 65. Kg7 Rg1+ 66. Kh6 Rh1+ 67. Kg7 Rg1+ 68. Kh6
Rh1+ 69. Kg7 Rg1+ 70. Kh6 Rh1+ 71. Kg7 Rg1+ 1/2-1/2

[Event "3rd ACT"]
[Site "Amsterdam NED"]
[Date "2006.07.20"]
[Round "6"]
[White "Walton,A"]
[Black "Valenti,G"]
[Result "0-1"]
[WhiteElo "2222"]
[BlackElo "2273"]
[EventDate "2006.07.15"]

1. d4 e6 2. e4 c5 3. d5 exd5 4. exd5 d6 5. Nc3 Nf6 6. Bg5 Be7 7. Bb5+ Nbd7
8. Nf3 O-O 9. O-O a6 10. Bd3 b5 11. a3 Bb7 12. Qd2 Nb6 13. Bxf6 Bxf6 14.
Rad1 Bxc3 15. Qxc3 Nxd5 16. Qd2 Nf6 17. Ng5 h6 18. Nh3 d5 19. c3 Qd6 20.
Nf4 Rfe8 21. Ne2 Rad8 22. Ng3 Bc8 23. h3 Re5 24. Rfe1 Rg5 25. Qe3 d4 26.
cxd4 cxd4 27. Qf3 g6 28. Rc1 Re5 29. Rxe5 Qxe5 30. Rc6 Kg7 31. Rc2 Be6 32.
Re2 Qd6 33. Rd2 Nd7 34. Qd1 Nc5 35. Ne2 Bb3 36. Qb1 Qe5 37. Ng3 Qg5 38. Qe1
Nxd3 39. Rxd3 Bc4 40. Rd1 d3 41. Ne4 Qe5 42. f4 Qd4+ 43. Nf2 d2 0-1

[Event "3rd ACT"]
[Site "Amsterdam NED"]
[Date "2006.07.20"]
[Round "6"]
[White "Hofland,L"]
[Black "Van Vliet,J"]
[Result "0-1"]
[WhiteElo "2272"]
[BlackElo "2250"]
[EventDate "2006.07.15"]

1. c4 c5 2. g3 d5 3. cxd5 Qxd5 4. Nf3 Nc6 5. Bg2 e5 6. d3 Be6 7. Be3 f6 8.
Qa4 Qd7 9. a3 Rc8 10. Nbd2 b6 11. O-O Nge7 12. Ne4 Nf5 13. Bd2 Be7 14. Bc3
O-O 15. Rfc1 Rfd8 16. Ned2 a5 17. Qd1 b5 18. b3 Nd6 19. a4 b4 20. Bb2 Nd4
21. Nc4 Nxc4 22. dxc4 Nxf3+ 23. Bxf3 Qd2 24. Rab1 Qg5 25. Qe1 Qf5 26. Kg2
e4 0-1

[Event "3rd ACT"]
[Site "Amsterdam NED"]
[Date "2006.07.21"]
[Round "7"]
[White "L'Ami,E"]
[Black "Van der Weide,K"]
[Result "1-0"]
[WhiteElo "2586"]
[BlackElo "2446"]
[EventDate "2006.07.15"]

1. d4 Nf6 2. c4 g6 3. Nc3 d5 4. Nf3 Bg7 5. Bg5 Ne4 6. cxd5 Nxg5 7. Nxg5 e6
8. Qd2 exd5 9. Qe3+ Kf8 10. Nf3 Be6 11. g3 Qd6 12. Bg2 Nd7 13. O-O c6 14.
b4 Re8 15. b5 Bg4 16. Qd2 h5 17. bxc6 bxc6 18. Rfe1 Bh6 19. Qd3 Kg7 20. e3
Qf6 21. e4 Qd6 22. Nd2 Qa3 23. Nb3 Nf6 24. exd5 cxd5 25. Nxd5 Nxd5 26. Bxd5
Qb4 27. Rxe8 Rxe8 28. Bf3 Bf5 29. Qd1 Kg8 30. Kg2 a5 31. h4 Bg7 32. Rc1 a4
33. Nc5 Bxd4 34. Qxa4 Qxa4 35. Nxa4 Be6 36. a3 Rb8 37. Rd1 Ba7 38. Bd5 Rd8
39. Nc3 Rc8 40. Bxe6 Rxc3 41. Bxf7+ Kg7 42. Rd7 Rxa3 43. Be8+ Kf6 44. Rf7+
Ke5 45. Rxa7 Rxa7 46. Bxg6 Ra2 47. Bxh5 Rb2 48. Bg6 Kf6 49. Bh7 Ke5 50. Kf3
Rb4 51. Ke3 1-0

[Event "3rd ACT"]
[Site "Amsterdam NED"]
[Date "2006.07.21"]
[Round "7"]
[White "Parker,J"]
[Black "Nijboer,F"]
[Result "0-1"]
[WhiteElo "2509"]
[BlackElo "2598"]
[EventDate "2006.07.15"]

1. d4 d6 2. e4 Nf6 3. Nc3 g6 4. Nf3 Bg7 5. Be2 O-O 6. O-O c6 7. h3 Nbd7 8.
a4 e5 9. dxe5 dxe5 10. Be3 Qe7 11. Qd3 Nh5 12. a5 Nf4 13. Qc4 Qf6 14. b4
Nb8 15. Bxf4 Qxf4 16. Qb3 Na6 17. Rfe1 Nc7 18. b5 Ne6 19. bxc6 bxc6 20. Qc4
Nd4 21. Nxd4 exd4 22. Qxc6 Bxh3 23. Nd5 Qg5 24. Bf1 Rac8 25. Qa4 Be6 26.
Rab1 Be5 27. f4 Bxf4 28. Nxf4 Qxf4 29. Qxd4 a6 30. Bd3 Rfd8 31. Qe3 Qe5 32.
Rb6 Bc4 33. Bxc4 Rxc4 34. Rxa6 Rxc2 35. Rf1 Qb5 36. Raf6 Rdd2 37. R6f2 Qxa5
38. Rxd2 Qxd2 39. Qf3 Qd4+ 40. Kh1 Rc7 41. Qd1 Rd7 42. Qe2 Re7 43. Re1 Qe5
44. Qc4 Qg3 45. Qe2 Re5 46. Kg1 Qc3 47. Qf2 Kg7 48. Re2 Qd3 49. Qf4 Qd1+
50. Kf2 Qd4+ 51. Kg3 Qd6 52. Rd2 Qc7 53. Rd5 f6 54. Kf2 Qc2+ 55. Rd2 Qc5+
56. Kg3 Qe7 57. Rd4 Qa3+ 58. Qf3 Rg5+ 59. Kh3 Qc1 60. Rd7+ Kh6 61. Rd1 Qc7
62. g4 Rc5 63. Rd3 Rc2 64. Rd2 Qc3 65. Rd3 Qe5 66. Qe3+ g5 67. Rd2 Rxd2 68.
Qxd2 Qxe4 69. Qd7 Kg6 70. Qc8 Qd5 71. Qe8+ Kg7 72. Qe7+ Qf7 73. Qe4 h5 74.
gxh5 Qxh5+ 75. Kg2 Qf7 76. Qf5 Qc7 77. Kf3 Qc3+ 78. Kg4 Qd4+ 79. Kg3 Qe5+
0-1

[Event "3rd ACT"]
[Site "Amsterdam NED"]
[Date "2006.07.21"]
[Round "7"]
[White "Stellwagen,D"]
[Black "Cox,JJ"]
[Result "1/2-1/2"]
[WhiteElo "2575"]
[BlackElo "2418"]
[EventDate "2006.07.15"]

1. e4 e5 2. Nf3 Nc6 3. Bb5 Nf6 4. O-O Nxe4 5. d4 Nd6 6. Bxc6 dxc6 7. dxe5
Nf5 8. Qxd8+ Kxd8 9. Nc3 Ne7 10. h3 h6 11. Be3 Nd5 12. Rad1 Be6 13. Nxd5
cxd5 14. c4 c6 15. Nd4 g6 16. f4 h5 17. cxd5 Bxd5 18. Nb5 Kc8 19. Nxa7+ Kb8
20. Nb5 Bb4 21. a3 Bb3 22. Rc1 cxb5 23. axb4 Rc8 24. Bc5 b6 25. Bxb6 Rxc1
26. Rxc1 Kb7 27. Rc3 Be6 28. Bd4 Rc8 29. Bc5 Rd8 30. Bd6 Rc8 31. Bc5 Rd8
32. Ra3 Rd1+ 33. Kh2 Rd2 34. Ra7+ Kc6 35. Ra6+ Kc7 36. Ra7+ Kc6 37. Ra6+
Kc7 38. Kg3 Bd5 39. Kh4 Rxg2 40. Ra5 Be6 41. Rxb5 Rxb2 42. Ra5 Rb3 43. b5
Rxh3+ 44. Kg5 Rc3 45. b6+ 1/2-1/2

[Event "3rd ACT"]
[Site "Amsterdam NED"]
[Date "2006.07.21"]
[Round "7"]
[White "Al Modiahki,M"]
[Black "Blees,A"]
[Result "1-0"]
[WhiteElo "2564"]
[BlackElo "2400"]
[EventDate "2006.07.15"]

1. e4 c5 2. Nf3 e6 3. d4 cxd4 4. Nxd4 a6 5. Bd3 Bc5 6. Nb3 Ba7 7. Nc3 Nc6
8. Qe2 Nge7 9. Be3 Qc7 10. Bxa7 Rxa7 11. O-O O-O 12. a4 b6 13. f4 f5 14. e5
Bb7 15. Qf2 Raa8 16. Rfd1 g5 17. Qg3 Rf7 18. Bf1 Kh8 19. Qxg5 Rg8 20. Qh5
Rfg7 21. Rd2 Ng6 22. Qh6 Ncxe5 23. fxe5 Nxe5 24. Nd4 Ng4 25. Qh4 Rg6 26.
Nce2 f4 27. b4 Rh6 28. Qe7 f3 29. Nxf3 Bxf3 30. Qd6 Qd8 31. h3 Qg5 32. Qf4
Ne3 33. Qxg5 Rxg5 34. Rd3 Nxc2 35. Rc1 Nxb4 36. Rxf3 Nd5 37. Ng3 Rh4 38.
Ne2 Rxa4 39. Rc8+ Rg8 40. Rc1 b5 41. Ng3 Rf4 42. Rxf4 Nxf4 43. Kf2 Nd5 44.
Ne4 Rb8 45. Ra1 Nc7 46. Ke3 d5 47. Nc5 e5 48. Nd7 d4+ 49. Ke4 Rd8 50. Nxe5
Kg7 51. Nc6 1-0

[Event "3rd ACT"]
[Site "Amsterdam NED"]
[Date "2006.07.21"]
[Round "7"]
[White "Schaefer,Mark"]
[Black "Tukmakov,V"]
[Result "1/2-1/2"]
[WhiteElo "2354"]
[BlackElo "2560"]
[EventDate "2006.07.15"]

1. e4 c5 2. Nf3 Nc6 3. d4 cxd4 4. Nxd4 Nf6 5. Nc3 d6 6. f4 g6 7. Be2 Bg7 8.
Be3 O-O 9. O-O Qb6 10. Qd3 Ng4 11. Bxg4 Bxd4 12. Bxd4 Qxd4+ 13. Qxd4 Nxd4
14. Bxc8 Raxc8 15. Rf2 f5 16. Re1 Kf7 17. exf5 gxf5 18. Rd2 Nc6 19. Re3 h6
20. Ne2 Kg6 21. c4 Rf6 22. b3 Kf7 23. Nc3 Rg8 24. Nd5 Re6 25. Rxe6 Kxe6 26.
Ne3 a6 27. Kf2 b5 28. Re2 bxc4 29. Nxc4+ Kf6 30. Rd2 Rd8 31. Nb6 e6 32. a3
d5 33. b4 d4 34. Na4 e5 35. fxe5+ Nxe5 36. Nc5 d3 37. a4 Rd6 38. a5 Ke7 39.
g3 Rd4 40. Ke3 Rxb4 41. Nxd3 Rb3 42. Ke2 Nxd3 43. Rxd3 Rb5 44. Ra3 Rb2+ 45.
Kf3 Rxh2 46. Re3+ Kf6 47. Rc3 Ra2 48. Rc6+ Kg5 1/2-1/2

[Event "3rd ACT"]
[Site "Amsterdam NED"]
[Date "2006.07.21"]
[Round "7"]
[White "Vazquez,R"]
[Black "Ansell,S"]
[Result "1-0"]
[WhiteElo "2517"]
[BlackElo "2391"]
[EventDate "2006.07.15"]

1. d4 d5 2. c4 c6 3. Nc3 dxc4 4. e4 b5 5. a4 b4 6. Na2 Nf6 7. e5 Nd5 8.
Bxc4 Bf5 9. Nf3 e6 10. Bg5 Be7 11. Bxe7 Qxe7 12. a5 O-O 13. O-O Bg4 14. h3
Bxf3 15. Qxf3 Nd7 16. Qb3 Rab8 17. Rac1 Rfc8 18. f4 Qd8 19. Bxd5 cxd5 20.
Qa4 Nf8 21. Nxb4 Rxc1 22. Rxc1 Qh4 23. Rf1 Qg3 24. Qa3 Qxa3 25. bxa3 Rc8
26. Rf2 Ng6 27. g3 h5 28. Rc2 Rxc2 29. Nxc2 h4 30. Nb4 hxg3 31. Nc6 Kf8 32.
a6 Ke8 33. Nxa7 Kd7 34. Nb5 Kc6 35. Kg2 Nxf4+ 36. Kxg3 Ng6 37. h4 Ne7 38.
Kf4 Kb6 39. a7 Kb7 40. h5 Ka8 41. Nc7+ Kxa7 42. Ne8 Kb6 43. Nxg7 Kb5 44. h6
Kc4 45. Ke3 Kb3 46. h7 Ng6 47. Ne8 Kxa3 48. Nd6 1-0